000 01737nam a22003255i 4500
001 154490
003 ES-MaACL
005 20250902125915.0
008 040729m18951898fr |||| | fre d
040 _aCAM
_bspa
_cCAM
100 1 _aGoncourt, Edmond de,
_d1822-1896
_9127377
245 1 0 _aJournal des Goncourt
_b: mémoires de la vie littéraire.
260 _aParis :
_bG. Charpentier et E. Fasquelle,
_c1895-1898.
300 _a9 v. ;
_c18 cm.
490 1 _aPremiére série
490 1 _aTroisiéme série
490 1 _aBibliothèque-Charpentier ;
_v1; 2; 3 ;
_v1; 2; 3
490 1 _aDeuxiéme série ;
_v1; 2; 3
505 8 _aContiene: T.I, 1851-1861 - T.II, 1862-1865 - T.III, 1866-1869 - T.IV, 1870-1871 - T.V, 1872-1877 - T.VI, 1878-1884 - T.VII, 1885-1888 - T.VIII, 1889-1891 - T.IX, 1892-1895
596 _aEn el pie de imp. del t.V no consta el nombre del editor, si su dirección y serie.
597 _aT.I, 1895, Dixième mille (402 p.) - T.II, 1895, Dixième mille (340 p.) - T.III (369 p.) - T.IV, 1898, Septième mille (373 p.) - T.V, 1891, Sixième mille (355 p.) - T.VI, 1892, Cinquième mille (356 p.) - T.VII, 1894, Quatrième mille (336 p.) - T.VIII, 1895, Cinquième mille (300 p.) - T.IX, 1896, Sixième mille (428 p.)
598 _aEn el t.II no consta la mención de serie y número de la misma.
700 1 1 _aGoncourt, Jules de,
_d1830-1870
_958231
830 0 _aPremiére série
_9221497
830 0 _aTroisiéme série
_9221498
830 0 0 _aBibliothèque Charpentier
_v1; 2; 3 ;
_v1; 2; 3
_9182245
830 0 _aDeuxiéme série ;
_v1; 2; 3
_9221499
852 _aES-MaACL
_jG-15825-15833
_z-- Enc. pasta española
_q-- Falto de la port. el t.III
999 _c154490
_d154490